00559nam a2200181 i 450000100060000000300090000600500170001500700030003200800410003510000250007624500980010126000540019930000270025360000320028065000250031270000180033785200220035528575ES-MaACL20250729081831.0t|030117s1911 fr ||||1| fre d1 aBaldwin, James Mark.13aLe darwinisme dans les sciences morales / cpar James Mark Baldwin ; traduit par G.L. Duprat. aParís : bFélix Alcan, c1911 (fPh. Renouar) aVIII, 168 p. ; c19cm.14aDarwin, Charles,d1809-1882 7aEvolucionismo2embne1 aDuprat, G. L. aES-MaACLjF-12112